000 00758nam a2200229 i 4500
001 22685
003 ES-MaACL
007 t|
008 021204s1975 mx ||||1| spa d
100 1 _aAltman, León L.
_920551
245 1 4 _aLos sueños en psicoanálisis /
_cpor León L. Altman ; [traducción de Andrés Martínez Corzos].
250 _a[2ª ed.].
260 _aMéxico, etc. :
_bSiglo Veintiuno,
_c1975.
300 _aVII, 260 p. ;
_c18 cm.
490 1 _aPsicología y educación. El mundo del hombre
500 _aIndice.
504 _aBibliografía: p. 246-255.
700 1 _aMartínez Corzos, Andrés.
_977956
830 0 0 _aPsicología y educación
_9180908
852 _aES-MaACL
_jL-9910
_bR.111941
999 _c22685
_d22685